1733 1198 1060 1984 1495 1300 1312 1346 1404 1372 1196 1422 1856 1432 1409 1429 1719 1903 1690 1098 1282 1778 1437 1421 1129 1122 1447 1331 1034 1447 1566 1586 1503 1063 1374 1378 1561 1250 1280 1839 1464 1734 1506 1214 1828 1985 1537 1679 1059 1232 1904 1089 1766 1462 1011 1455 1261 1387 1253 1308 1262 1476 1864 1838 1896 1356 1680 1264 1786 1492 1026 1273 1135 1054 1261 1470 1655 1322 1099 1441 1230 1796 1243 1356 1786 1827 1794 1099 1760 1318 1517 1545 1734 1690 1026 1830 1928 1167 1685 BCNSPRNW ULIB Ver.6.0+V

เปลี่ยนเป็นภาษาไทย

Change to English
 แสดงรายละเอียดบรรณานุกรม
  กลับหน้าหลัก

Brief Record : Get Marc (ISO 2709) : E-mail record : QR code < ปิดหน้าต่าง
LEADER : 00000nam 2200000uu 4500
001    13399109383
003     ULIB
008    110331s2551||||th 000 0 tha d
020    9744659254
060 04 WB50.JT3^bพ239ก 2551
245 00 การดูแลสุขภาพหญิงหลังคลอดด้วยการแพทย์แผนไทย /^cบรรณาธิการ,พรทิพย์ เติมวิเศษ
250    พิมพ์ครั้งที่ 2
260    [นนทบุรี] :^bกลุ่มงานพัฒนาวิชาการแพทย์แผนไทยและสมุนไพรสถาบันการแพทย์แผนไทย กรมพัฒนาการแพทย์แผนไทยและการแพทย์ทางเลือก,^c2551
300    ก-ฉ, 121 หน้า :^bภาพประกอบ ;^c21 ซม.
650  7 การดูแลภายหลังคลอด
650  7 การแพทย์แผนไทย
650  7 สมุนไพร^xการใช้รักษา
650  7 ภูมิปัญญาชาวบ้าน
700 0  พรทิพย์ เติมวิเศษ,^eบรรณาธิการ
710 2  กรมพัฒนาการแพทย์แผนไทยและการแพทย์ทางเลือก.^bสถาบันการแพทย์แผนไทย
710 2  สถาบันการแพทย์แผนไทย.^bกลุ่มงานพัฒนาวิชาการแพทย์แผนไทยและสมุนไพร
945    ^p0^l0^i028493
945    ^p0^l0^i028716
945    ^p0^l0^i028492
995    ทศพร
999 ^a ใช้งานได้ทุกระบบ
รายการนี้ยังไม่มีแท็ก
คุณยังไม่ได้ล็อกอิน คุณสามารถมีกิจกรรมร่วมกับเว็บไซต์ได้ แต่ต้องล็อกอินก่อน ::
  ล็อกอิน

รายการสื่อสารสนเทศ

ลำดับที่ ประเภท เลขเรียก/บาร์โค้ด สถานที่ สถานะ
- ไม่พบข้อมูล -

รายการใกล้เคียง
    หัวเรื่อง [การดูแลภายหลังคลอด]
    หัวเรื่อง [การแพทย์แผนไทย]
    หัวเรื่อง [ภูมิปัญญาชาวบ้าน]

BibComment


ยังไม่เคยถูกคอมเมนท์

คอมเมนท์ทรัพยากรรายการนี้
  คอมเมนท์: การดูแลสุขภาพหญิง..


 Copyright 2026. Bcnsprnw @Library